Phát triển bền vững trong thế giới năng động : Thay đổi thể chế, tăng trưởng và chất lượng cuộc sống [Sách tham khảo]

Wedi'i Gadw mewn:
Manylion Llyfryddiaeth
Fformat: Llyfr
Cyhoeddwyd: Chính trị quốc gia 2003
Tagiau: Ychwanegu Tag
Dim Tagiau, Byddwch y cyntaf i dagio'r cofnod hwn!
Thư viện lưu trữ: Mạng thư viện Đại học Đà Nẵng
LEADER 00751nam a2200217 a 4500
001 000029230
003 15857
005 20171030145630.0
008 171030s2003
020 |c 60000 
040 |a LTT 
082 0 |a 330  |b Ph-T 
245 0 0 |a Phát triển bền vững trong thế giới năng động : Thay đổi thể chế, tăng trưởng và chất lượng cuộc sống [Sách tham khảo]  |c Vũ Cương, Nguyễn Khánh Cẩm Châu, Hoàng Thanh Dương, Hoàng Thúy Nguyệt dịch ; Vũ Cương hiệu đính. 
260 |b Chính trị quốc gia  |c 2003 
OWN |a LTT 
999 |a From the UDN01 
TYP |a Monograph 
TYP |a Printed language 
980 |a Mạng thư viện Đại học Đà Nẵng